000
00279nam a2200121Ia 4500
005
20260421150923.0
008
260421s9999||||xx |||||||||||||| ||und||
100
_a
Harper
245
0
_a
Review of Physiology chemistry
250
_a
17th
260
_b
Lange maruzen Pub.
942
_c
BBK
999
_c
426
_d
426